ARRUPE JESUIT UNIVERSITY

CORONAVIRUS -STOP THE SPREAD - CLEAN,DISINFECT,COVER

Divide & rule : (Record no. 2387)

MARC details
000 -LEADER
fixed length control field 00891cam a2200265 i 4500
001 - CONTROL NUMBER
control field 4615968
005 - DATE AND TIME OF LATEST TRANSACTION
control field 20170529104706.0
008 - FIXED-LENGTH DATA ELEMENTS--GENERAL INFORMATION
fixed length control field 770128s1976 enkabf b 001 0 eng
010 ## - LIBRARY OF CONGRESS CONTROL NUMBER
LC control number 77350052
015 ## - NATIONAL BIBLIOGRAPHY NUMBER
National bibliography number GB76-17933
020 ## - INTERNATIONAL STANDARD BOOK NUMBER
International Standard Book Number 0904759113 :
Terms of availability £0.60 ($2.00 U.S.)
040 ## - CATALOGING SOURCE
Original cataloging agency DLC
Transcribing agency DLC
Modifying agency DLC
043 ## - GEOGRAPHIC AREA CODE
Geographic area code f-sa---
050 00 - LIBRARY OF CONGRESS CALL NUMBER
Classification number DT763.6
Item number .R63
082 00 - DEWEY DECIMAL CLASSIFICATION NUMBER
Classification number 301.45/19/63
100 1# - MAIN ENTRY--PERSONAL NAME
Personal name Rogers, Barbara,
Dates associated with a name 1945-
9 (RLIN) 31276
245 10 - TITLE STATEMENT
Title Divide & rule :
Remainder of title South Africa's Bantustans /
Statement of responsibility, etc by Barbara Rogers.
260 ## - PUBLICATION, DISTRIBUTION, ETC. (IMPRINT)
Place of publication, distribution, etc London :
Name of publisher, distributor, etc International Defence and Aid Fund,
Date of publication, distribution, etc 1976.
300 ## - PHYSICAL DESCRIPTION
Extent 86 p., [8] p. of plates :
Other physical details ill., map ;
Dimensions 21 cm.
504 ## - BIBLIOGRAPHY, ETC. NOTE
Bibliography, etc Includes bibliographical references and index.
650 #0 - SUBJECT ADDED ENTRY--TOPICAL TERM
Topical term or geographic name as entry element Apartheid
Geographic subdivision South Africa.
9 (RLIN) 31277
651 #0 - SUBJECT ADDED ENTRY--GEOGRAPHIC NAME
Geographic name Homelands (South Africa)
9 (RLIN) 31278
906 ## - LOCAL DATA ELEMENT F, LDF (RLIN)
a 7
b cbc
c orignew
d 3
e ncip
f 19
g y-gencatlg
942 ## - ADDED ENTRY ELEMENTS (KOHA)
Source of classification or shelving scheme Library of Congress Classification
Item type Monograph ( Printed materials)
Holdings
Withdrawn status Lost status Source of classification or shelving scheme Damaged status Not for loan Collection code Home library Current library Shelving location Date acquired Total Checkouts Full call number Barcode Date last seen Copy number Price effective from Koha item type
    Library of Congress Classification     Main Collection ARRUPE LIBRARY ARRUPE LIBRARY   27/02/2013   DT1760.R724 46403448 07/12/2017 1 27/02/2013 Monograph ( Printed materials)

 

Arrupe Library. PO Box MP320 Mt Pleasant, Harare, Zimbabwe
263 242 745411|librarian@aju.ac.zw